MARC details
| 000 -BAŞLIK |
| Sabit Uzunluktaki Kontrol Alanı |
03209nam a22004097a 4500 |
| 001 - KONTROL NUMARASI |
| Control Dosyası |
0043754 |
| 003 - KONTROL NUMARASI KİMLİĞİ |
| Kontrol Alanı |
KOHA_MİRAKIL |
| 005 - EN SON İŞLEM TARİHİ ve ZAMANI |
| Kontrol Alanı |
20260207003401.0 |
| 007 - FİZİKSEL TANIM SABİT ALAN - GENEL BİLGİ |
| Sabit uzunluklu kontrol alanı |
ta |
| 008 - SABİT UZUNLUKTAKİ VERİ ÖGELERİ - GENEL BİLGİ |
| Sabit Alan |
130730b2011 tu |||gr||||#0|||0|tur | |
| 020 ## - ISBN - ULUSLARARASI STANDART KİTAP NUMARASI |
| Isbn |
9786054414758 |
| 040 ## - KATALOGLAMA KAYNAĞI |
| Özgün Kataloglama Kurumu |
TR-BiSEU |
| Kataloglama Dili |
tur |
| Çeviri Kurumu |
TR-BiSEU |
| Açıklama Kuralları |
rda |
| 041 0# - DİL KODU |
| Metin ya da ses kaydının dil kodu |
tur |
| 044 ## - YAYINLAYAN/ÜRETEN KURULUŞUN ÜLKE KODU |
| ISO country code |
tu |
| 050 ## - SINIFLAMA ve YER NUMARASI |
| Sınıflama Numarası |
DR477 |
| Yer Numarası |
.D46 2011 |
| 100 1# - KİŞİ ADI |
| Yazar Adı (Kişi adı) |
Demirağ, Yelda. |
| 245 1# - ESER ADI BİLDİRİMİ |
| Başlık |
Türk dış politikası : |
| Alt Eseradı vb. |
son on yıl/ |
| Sorumluluk Bildirimi |
Yelda Demirağ ; Yelda Demirağ, Özlen Çelebi. |
| 264 #1 - ÜRERİM, YAYIN, DAĞITIM ve TELİF BİLDİRİMİ |
| Yayın yeri |
Ankara : |
| Yayınlayan |
Palme Yayınevi |
| Yayın tarihi |
2011 |
| 300 ## - FİZİKSEL TANIMLAMA |
| Sayfa, Cilt vb. |
XVIII, 505 sayfa ; |
| Boyutları |
23 cm. |
| 336 ## - İÇERİK TÜRÜ |
| Content type term |
metin |
| Content type code |
txt |
| Source |
rdacontent |
| 337 ## - MEDYA TÜRÜ |
| Media type term |
aracısız |
| Media type code |
n |
| Source |
rdamedia |
| 338 ## - TAŞIYICI TÜRÜ |
| Carrier type term |
cilt |
| Carrier type code |
nc |
| Source |
rdacarrier |
| 490 0# - DİZİ BİLDİRİMİ |
| Dizi Bildirimi |
Palme Yayınevi:621 |
| 505 ## - İÇİNDEKİLER NOTU |
| İçindekiler Notu |
I. Bölüm; Kurumsal ve Tarihsel Çerçeve |
| 650 #0 - KONU BAŞLIĞI EK GİRİŞ - KONU TERİMİ |
| Konusal terim veya coğrafi ad |
Türkiye--Dış ilişkiler--2000. |
| 9 (RLIN) |
81566 |
| 650 #0 - KONU BAŞLIĞI EK GİRİŞ - KONU TERİMİ |
| Konusal terim veya coğrafi ad |
Türkiye--Dış ilişkiler--21. yüzyıl. |
| 9 (RLIN) |
60720 |
| 650 #0 - KONU BAŞLIĞI EK GİRİŞ - KONU TERİMİ |
| Konusal terim veya coğrafi ad |
Turkey--Foreign relations. |
| 9 (RLIN) |
4972 |
| 650 #0 - KONU BAŞLIĞI EK GİRİŞ - KONU TERİMİ |
| Konusal terim veya coğrafi ad |
Türkiye--Dış ilişkiler. |
| 9 (RLIN) |
6200 |
| 650 #0 - KONU BAŞLIĞI EK GİRİŞ - KONU TERİMİ |
| Konusal terim veya coğrafi ad |
Türkiye--Dış ilişkiler--21. yüzyıl. |
| 9 (RLIN) |
60720 |
| 650 #0 - KONU BAŞLIĞI EK GİRİŞ - KONU TERİMİ |
| Konusal terim veya coğrafi ad |
Türkiye--Dış ilişkiler--2000. |
| 9 (RLIN) |
81566 |
| 650 #0 - KONU BAŞLIĞI EK GİRİŞ - KONU TERİMİ |
| Konusal terim veya coğrafi ad |
Turkey--Foreign relations--1980. |
| 9 (RLIN) |
24934 |
| 650 #0 - KONU BAŞLIĞI EK GİRİŞ - KONU TERİMİ |
| Konusal terim veya coğrafi ad |
Türk dış politikası. |
| 9 (RLIN) |
81567 |
| 650 #0 - KONU BAŞLIĞI EK GİRİŞ - KONU TERİMİ |
| Konusal terim veya coğrafi ad |
Türkiye--Dış ilişkiler--1980. |
| 9 (RLIN) |
42919 |
| 830 0# - SERİ EK GİRİŞİ - TEKBİÇİM ESER ADI |
| Tekbiçim Başlık |
Palme Yayınevi:621 |
| 9 (RLIN) |
81568 |
| 907 ## - LOCAL DATA ELEMENT G, LDG (RLIN) |
| a |
Tarih |
| 942 ## - EK GİRİŞ ÖGELERİ (KOHA) |
| Source of classification or shelving scheme |
Library of Congress Classification |
| Koha item type |
Book |
| 505 ## - İÇİNDEKİLER NOTU |
| -- |
|
| -- |
Türkiyenin Güvendiği Batı Yönelimli Dış Politikaların Oynadığı Rolü Anlamak / Doç.Dr. Pınar Bilgin |
| -- |
Atatürkçü Dış Politikanın İlkeleri / Doç. Dr. Hüner Tuncer |
| -- |
II. Bölüm; Bölgeler ve Ülkeler |
| -- |
|
| -- |
1990'lardan 2000'lere Türk Dış Politikası ve ABD İle İlişkiler: ''Stratejik Ortaklıktan Model Ortaklığa'' / Yrd.Doç.Dr. Özlem Çelebi |
| -- |
Türkiye Rusya Federasyonu İlişkileri / Doç.Dr. Mitat Çelikpala |
| -- |
Türk Dış Politikasında Güney Kafkasya / Doç.Dr. Yelda Demirağ |
| -- |
14 Nisan 1987 Tarihli Tam Üyelik Başvurusundan Günümüze dek AB Türkiye İlişkileri / Prof.Dr. Ayşe Füsun Arsava |
| -- |
AB Yolunda Türk Dış Politikası ve Komşu Bölgelerle İlişkiler / Yrd.Doc.Dr. H.Tolga Bölükbaşı - Yrd.DOç.Dr. Saime Özçürümez |
| -- |
2000 Yılı Sonrası Türkiye'nin Orta Doğu Siyaseti / Prof.Dr. Ömer Kürkçüoğlu - Fatih Koraş |
| -- |
Türkiye'nin Bosne Herek Açılımı / Dr. Erhan Türbedar |
| -- |
21 yy Türk Dış Politikası: Türkiye Orta Asya İlişkileri / Doç.Dr. Elif Hatun Önal - Kılıçbeyli |
| -- |
Türk Dış Politikasında Çin / Doç.Dr. Selçuk Çolakoğlu |
| -- |
21 yy'da Türkiye ve Japonya İlişkileri: Karşılıklı İşbirliğinde Stratejik Kültürel Etkileşme / Dr. Aysun Uyar |
| -- |
III.Temalar; |
| -- |
|
| -- |
Türkiye'nin AB'ne Üyelik Sürecinde Kıbrıs Politikasının Analizi / Doç.Dr. Emel G.Oktay - Doç.Dr. Müge Kınacıoğlu |
| -- |
Ulusal Çıkar ve Uluslararası Güç Dengesi: Enerjiye Dair Politikalar / A.Arif Aktürk |
| -- |
Su Sorunu ve Türk Dış Politikasına Etkileri / Prof.Dr. Sencer İmer |
| -- |
İklim Değişikliği ve KYOTO Tabusu / Dr. Hürkan Çelebi |
| -- |
Uluslararası Örgütler ve Barışı Koruma / Dr. Uğur Güngör |
| -- |
Türk Dış Politikası ve Barışı Koruma / Dr. Uğur Güngör |
| -- |
Türkiye'nin Uluslararası Ekonomik Kuruluşlarla İlişkileri / Nazif Ekzen |
| -- |
Sonsöz; |